00513nam a22001697a 450000500170000001000240001702000210004103500430006203700130010508200080011810000180012624500730014426000350021727000540025230000210030665000160032720190128124532.0 aB-219419 B-219425 a8189093223c0.00 aB-219419 B-219425 B-219429 B-219421 bBPPD/PUB a624 aM.L. Sharman  aLotus illustrated dictionary of civil engineering /cby Sharman, M.L aNew delhi bLotus press c2007 a4263/3, Ansari road daryaganj bNew Delhie110002 a232p.c22cm (Hb) aAccountancy